Elementy teorii massovogo obsluživanija i asimptotičeskogo analiza sistem

Saved in:
Bibliographic Details
Main Author: Skitovič, Viktor Pavlovič (Author)
Format: Book
Language:Russian
Published: Leningrad : Izdateľstvo Lenigradskogo Univerziteta, 1976
Tags: Add Tag
No Tags, Be the first to tag this record!

MARC

LEADER 00000nam a22000003a 4500
001 stu220223
005 20150617230118.1
008 110120s1987----xxr-----------------rus-d
040 |a STU  |b slo 
041 0 |a rus 
044 |a xxr 
080 |a 519.95 
100 1 |a Skitovič, Viktor Pavlovič  |4 aut 
245 1 |a Elementy teorii massovogo obsluživanija i asimptotičeskogo analiza sistem 
260 |a Leningrad :  |b Izdateľstvo Lenigradskogo Univerziteta,  |c 1976 
300 |a 93 s 
996 |b E39252  |c E*39252  |l EE03  |s P  |a 0  |w stu220223_0001